| 000 | 00998nam a2200241 a 4500 | ||
|---|---|---|---|
| 001 | 000045175 | ||
| 005 | 20240530073923.0 | ||
| 008 | 150206s2014 dr a 000 f spa d | ||
| 020 | _a9789945889390 | ||
| 040 |
_aDO-SdBNP _bspa _cBNPHU |
||
| 082 |
_aRD863.44 _bE77n |
||
| 100 | 1 |
_aEspino Torres, Francisco Oscar, _d1954- _937702 |
|
| 245 | 1 | 3 |
_aEl niño que vivió en la cárcel / _cFrancisco Oscar Espino Torres ; edición al cuidado de Piero Espinal Estévez ; corrección de estilo Domingo Caba Ramos ; ilustración karim López Pichardo. |
| 260 |
_aSanto Domingo : _bCOOPMEDICA, _bOPUS, _c2014. |
||
| 300 |
_a106 p. : _bil. ; _c22 cm. |
||
| 500 | _aIncluye datos biográficos del autor en las solapas | ||
| 590 | _aInventariado, 2019/VM | ||
| 650 | 0 |
_aNovela dominicana _9223 |
|
| 650 | 0 |
_aLiteratura dominicana. _967 |
|
| 700 | 1 | 2 |
_aEspinal Estévez, Piero, _eed. _93550 |
| 710 | 2 | 2 |
_aCooperativa Médica de Santiago de Servicios Múltiples _973182 |
| 910 | _aValidado. Control de calidad MFF | ||
| 999 |
_c44664 _d44664 |
||